000
00293nam a22001337a 4500
008
181204b xxu||||| |||| 00| 0 eng d
020
_a
9780871013484
041
_a
eng
080
_a
316
100
_a
50
101
_a
SOC
245
_a
Scool Social Worldwide
_c
Marion.H
942
_2
udc
_c
BK
999
_c
52766
_d
52766